<?xml version="1.0" encoding="UTF-8"?>
<record
    xmlns:xsi="http://www.w3.org/2001/XMLSchema-instance"
    xsi:schemaLocation="http://www.loc.gov/MARC21/slim http://www.loc.gov/standards/marcxml/schema/MARC21slim.xsd"
    xmlns="http://www.loc.gov/MARC21/slim">

  <leader>06524namaa22004451i 4500</leader>
  <controlfield tag="003">EG-GICUC</controlfield>
  <controlfield tag="005">20260208115039.0</controlfield>
  <controlfield tag="008">260127s2025    ua a|||frm||| 000 0 eng d</controlfield>
  <datafield tag="040" ind1=" " ind2=" ">
    <subfield code="a">EG-GICUC</subfield>
    <subfield code="b">eng</subfield>
    <subfield code="c">EG-GICUC</subfield>
    <subfield code="d">EG-GICUC</subfield>
    <subfield code="e">rda</subfield>
  </datafield>
  <datafield tag="041" ind1="0" ind2=" ">
    <subfield code="a">eng</subfield>
    <subfield code="b">eng</subfield>
    <subfield code="b">ara</subfield>
  </datafield>
  <datafield tag="049" ind1=" " ind2=" ">
    <subfield code="a">Deposit</subfield>
  </datafield>
  <datafield tag="082" ind1="0" ind2="4">
    <subfield code="a">615.82</subfield>
  </datafield>
  <datafield tag="092" ind1=" " ind2=" ">
    <subfield code="a">615.82</subfield>
    <subfield code="2">21</subfield>
  </datafield>
  <datafield tag="097" ind1=" " ind2=" ">
    <subfield code="a">M.Sc</subfield>
  </datafield>
  <datafield tag="099" ind1=" " ind2=" ">
    <subfield code="a">Cai01.21.07.M.Sc.2025.Ay.P</subfield>
  </datafield>
  <datafield tag="100" ind1="0" ind2=" ">
    <subfield code="a">Aya Talaat Mustafa Mustafa, </subfield>
    <subfield code="e">preparation.</subfield>
  </datafield>
  <datafield tag="245" ind1="1" ind2="0">
    <subfield code="a">Pulsed electromagnetic therapy versus whole body vibration on quadriceps strength post burn /</subfield>
    <subfield code="c">by Aya Talaat Mustafa Mustafa ; Supervisors Prof. Dr. Hesham Galal Mahran El Sayed, Dr.Ahmed Kamaleldin Mohamed ElTaher,Dr. Aya Gamal Fawzy Elsayed.</subfield>
  </datafield>
  <datafield tag="246" ind1="1" ind2="5">
    <subfield code="a">&#x627;&#x644;&#x639;&#x644;&#x627;&#x62C; &#x627;&#x644;&#x643;&#x647;&#x631;&#x648;&#x645;&#x63A;&#x646;&#x627;&#x637;&#x64A;&#x633;&#x64A; &#x627;&#x644;&#x645;&#x646;&#x628;&#x62B;&#x642; &#x645;&#x642;&#x627;&#x628;&#x644; &#x627;&#x647;&#x62A;&#x632;&#x627;&#x632; &#x627;&#x644;&#x62C;&#x633;&#x645; &#x628;&#x627;&#x644;&#x643;&#x627;&#x645;&#x644; &#x639;&#x644;&#x649; &#x642;&#x648;&#x629; &#x627;&#x644;&#x639;&#x636;&#x644;&#x629; &#x627;&#x644;&#x631;&#x628;&#x627;&#x639;&#x64A;&#x629; &#x628;&#x639;&#x62F; &#x627;&#x644;&#x62D;&#x631;&#x642;</subfield>
  </datafield>
  <datafield tag="264" ind1=" " ind2="0">
    <subfield code="c">2025.</subfield>
  </datafield>
  <datafield tag="300" ind1=" " ind2=" ">
    <subfield code="a">62 pages : </subfield>
    <subfield code="b">illustrations ; </subfield>
    <subfield code="c">25 cm. + </subfield>
    <subfield code="e">CD.</subfield>
  </datafield>
  <datafield tag="336" ind1=" " ind2=" ">
    <subfield code="a">text</subfield>
    <subfield code="2">rda content</subfield>
  </datafield>
  <datafield tag="337" ind1=" " ind2=" ">
    <subfield code="a">Unmediated</subfield>
    <subfield code="2">rdamedia</subfield>
  </datafield>
  <datafield tag="338" ind1=" " ind2=" ">
    <subfield code="a">volume</subfield>
    <subfield code="2">rdacarrier</subfield>
  </datafield>
  <datafield tag="502" ind1=" " ind2=" ">
    <subfield code="a">Thesis (M.Sc)-Cairo University, 2025.</subfield>
  </datafield>
  <datafield tag="504" ind1=" " ind2=" ">
    <subfield code="a">Bibliography: pages 52-61.</subfield>
  </datafield>
  <datafield tag="520" ind1=" " ind2="3">
    <subfield code="a">Background: Excessive atrophy and muscle wasting are linked to severe burn.  
Unintentional weight loss of 5% to 10% of muscle mass is known as muscle 
wasting, and severely burned patients have been known to experience sudden 
weight loss of up to 25% of total body mass. Following a chronic burn, the 
strength of the quadriceps was significantly impacted by both whole-body 
vibration (WBV) and pulsed electromagnetic field (PEMF). Purpose of the 
study: To evaluate which was more effective PEMF or WBV on quadriceps 
strength after chronic burn. Subjects and methods: Thirty patients who suffering 
from second degree burn with burned body surface area 10% _25% took part in 
this study, they were selected from Al-Ahrar Teaching Hospital at Alsharqiya 
Governorate, Egypt. Their ages were between 25 and 40 years. Group (A): 
Fifteen patients received WBV and traditional physiotherapy program (splinting, 
stretching, strengthening and range of motion (ROM) exercises) on quadriceps 
muscle (3 times per week, for 6 weeks), plus medical treatment. Group (B): 
Fifteen patients PEMF and traditional physiotherapy program (splinting, 
stretching, strengthening and ROM exercises) on quadriceps muscle (3 times per 
week, for 6 weeks), plus medical treatment. Hand held dynamometer was utilized 
to assess quadriceps strength. Results: The post-treatment mean &#xB1;SD value of 
Quadriceps strength of group (A) was 23.2 &#xB1; 5.6 and that of group (B) was 29.6 
&#xB1; 4.4 Newton. There was significant change in mean value of Quadriceps strength 
across both groups after-treatment (p = 0.002). Conclusion:  It was concluded 
that PEMF was more effective than WBV on quadriceps strength after chronic 
burn.  </subfield>
  </datafield>
  <datafield tag="520" ind1=" " ind2="3">
    <subfield code="a">&#x627;&#x644;&#x645;&#x642;&#x62F;&#x645;&#x629;:&#x62A;&#x631;&#x62A;&#x628;&#x637; &#x627;&#x644;&#x62D;&#x631;&#x648;&#x642; &#x627;&#x644;&#x634;&#x62F;&#x64A;&#x62F;&#x629; &#x628;&#x627;&#x644;&#x647;&#x632;&#x627;&#x644; &#x627;&#x644;&#x639;&#x636;&#x644;&#x64A; &#x627;&#x644;&#x645;&#x641;&#x631;&#x637; &#x648;&#x636;&#x64F;&#x645;&#x648;&#x631; &#x627;&#x644;&#x639;&#x636;&#x644;&#x627;&#x62A;. &#x64A;&#x64F;&#x639;&#x631;&#x64E;&#x651;&#x641; &#x647;&#x632;&#x627;&#x644; &#x627;&#x644;&#x639;&#x636;&#x644;&#x627;&#x62A; &#x628;&#x623;&#x646;&#x647; &#x641;&#x642;&#x62F;&#x627;&#x646;&#x644;&#x643;&#x62A;&#x644;&#x629; &#x627;&#x644;&#x639;&#x636;&#x644;&#x627;&#x62A; &#x628;&#x646;&#x633;&#x628;&#x629; 5&#x66A; -10%&#x60C; &#x648;&#x64A;&#x64F;&#x642;&#x627;&#x644; &#x625;&#x646; &#x645;&#x631;&#x636;&#x649; &#x627;&#x644;&#x62D;&#x631;&#x648;&#x642; &#x627;&#x644;&#x634;&#x62F;&#x64A;&#x62F;&#x629; &#x64A;&#x641;&#x642;&#x62F;&#x648;&#x646; &#x645;&#x627; &#x64A;&#x635;&#x644; &#x625;&#x644;&#x649; 25&#x66A; &#x645;&#x646; &#x625;&#x62C;&#x645;&#x627;&#x644;&#x64A; &#x643;&#x62A;&#x644;&#x629; &#x627;&#x644;&#x62C;&#x633;&#x645; &#x628;&#x634;&#x643;&#x644; &#x62D;&#x627;&#x62F;. &#x627;&#x644;&#x63A;&#x631;&#x636; &#x645;&#x646; &#x627;&#x644;&#x62F;&#x631;&#x627;&#x633;&#x629;: &#x643;&#x627;&#x646; &#x627;&#x644;&#x63A;&#x631;&#x636; &#x645;&#x646; &#x647;&#x630;&#x647; &#x627;&#x644;&#x62F;&#x631;&#x627;&#x633;&#x629; &#x647;&#x648; &#x62A;&#x642;&#x64A;&#x64A;&#x645; &#x623;&#x64A;&#x647;&#x645;&#x627; &#x623;&#x643;&#x62B;&#x631; &#x641;&#x639;&#x627;&#x644;&#x64A;&#x629; &#x627;&#x644;&#x639;&#x644;&#x627;&#x62C; &#x627;&#x644;&#x643;&#x647;&#x631;&#x648;&#x645;&#x63A;&#x646;&#x627;&#x637;&#x64A;&#x633;&#x64A; &#x627;&#x644;&#x646;&#x628;&#x636;&#x64A; &#x623;&#x648; &#x627;&#x647;&#x62A;&#x632;&#x627;&#x632; &#x627;&#x644;&#x62C;&#x633;&#x645; &#x628;&#x627;&#x644;&#x643;&#x627;&#x645;&#x644; &#x639;&#x644;&#x649; &#x642;&#x648;&#x629; &#x627;&#x644;&#x639;&#x636;&#x644;&#x629; &#x627;&#x644;&#x631;&#x628;&#x627;&#x639;&#x64A;&#x629; &#x628;&#x639;&#x62F; &#x627;&#x644;&#x62D;&#x631;&#x648;&#x642; &#x627;&#x644;&#x645;&#x632;&#x645;&#x646;&#x629;. &#x627;&#x644;&#x645;&#x648;&#x636;&#x648;&#x639;&#x627;&#x62A; &#x648;&#x627;&#x644;&#x637;&#x631;&#x642;: &#x634;&#x627;&#x631;&#x643; &#x641;&#x64A; &#x647;&#x630;&#x647; &#x627;&#x644;&#x62F;&#x631;&#x627;&#x633;&#x629; &#x62B;&#x644;&#x627;&#x62B;&#x648;&#x646; &#x645;&#x631;&#x64A;&#x636;&#x64B;&#x627; (&#x630;&#x643;&#x648;&#x631; &#x648;&#x625;&#x646;&#x627;&#x62B;) &#x64A;&#x639;&#x627;&#x646;&#x648;&#x646; &#x645;&#x646; &#x62D;&#x631;&#x648;&#x642; &#x645;&#x646; &#x627;&#x644;&#x62F;&#x631;&#x62C;&#x629; &#x627;&#x644;&#x62B;&#x627;&#x646;&#x64A;&#x629; &#x645;&#x639; &#x645;&#x633;&#x627;&#x62D;&#x629; &#x633;&#x637;&#x62D; &#x627;&#x644;&#x62C;&#x633;&#x645; &#x627;&#x644;&#x645;&#x62D;&#x631;&#x648;&#x642;&#x629; 10&#x66A; -25&#x66A; &#x645;&#x646; &#x645;&#x633;&#x627;&#x62D;&#x629; &#x633;&#x637;&#x62D; &#x627;&#x644;&#x62C;&#x633;&#x645; &#x627;&#x644;&#x643;&#x644;&#x64A;&#x60C; &#x648;&#x62A;&#x645; &#x627;&#x62E;&#x62A;&#x64A;&#x627;&#x631;&#x647;&#x645; &#x645;&#x646; &#x645;&#x633;&#x62A;&#x634;&#x641;&#x649; &#x627;&#x644;&#x623;&#x62D;&#x631;&#x627;&#x631; &#x627;&#x644;&#x62A;&#x639;&#x644;&#x64A;&#x645;&#x64A; &#x628;&#x645;&#x62D;&#x627;&#x641;&#x638;&#x629; &#x627;&#x644;&#x634;&#x631;&#x642;&#x64A;&#x629;&#x60C; &#x645;&#x635;&#x631;. &#x62A;&#x631;&#x627;&#x648;&#x62D;&#x62A; &#x623;&#x639;&#x645;&#x627;&#x631;&#x647;&#x645; &#x628;&#x64A;&#x646; 25 &#x625;&#x644;&#x649; 40 &#x639;&#x627;&#x645;&#x64B;&#x627; &#x627;&#x644;&#x645;&#x62C;&#x645;&#x648;&#x639;&#x629; (&#x623;): &#x62A;&#x644;&#x642;&#x649; &#x62E;&#x645;&#x633;&#x629; &#x639;&#x634;&#x631; &#x645;&#x631;&#x64A;&#x636;&#x64B;&#x627; &#x627;&#x647;&#x62A;&#x632;&#x627;&#x632;&#x64B;&#x627; &#x644;&#x643;&#x627;&#x645;&#x644; &#x627;&#x644;&#x62C;&#x633;&#x645; &#x648;&#x628;&#x631;&#x646;&#x627;&#x645;&#x62C;&#x64B;&#x627; &#x644;&#x644;&#x639;&#x644;&#x627;&#x62C; &#x627;&#x644;&#x637;&#x628;&#x64A;&#x639;&#x64A; &#x627;&#x644;&#x62A;&#x642;&#x644;&#x64A;&#x62F;&#x64A; (&#x627;&#x644;&#x62A;&#x62C;&#x628;&#x64A;&#x631; &#x648;&#x62A;&#x645;&#x627;&#x631;&#x64A;&#x646; &#x627;&#x644;&#x62A;&#x645;&#x62F;&#x62F; &#x648;&#x627;&#x644;&#x62A;&#x642;&#x648;&#x64A;&#x629; &#x648;&#x646;&#x637;&#x627;&#x642; &#x627;&#x644;&#x62D;&#x631;&#x643;&#x629;) &#x639;&#x644;&#x649; &#x627;&#x644;&#x639;&#x636;&#x644;&#x629; &#x627;&#x644;&#x631;&#x628;&#x627;&#x639;&#x64A;&#x629; &#x627;&#x644;&#x631;&#x624;&#x648;&#x633; (3 &#x645;&#x631;&#x627;&#x62A; &#x641;&#x64A; &#x627;&#x644;&#x623;&#x633;&#x628;&#x648;&#x639; &#x644;&#x645;&#x62F;&#x629; 6 &#x623;&#x633;&#x627;&#x628;&#x64A;&#x639;) &#x628;&#x627;&#x644;&#x625;&#x636;&#x627;&#x641;&#x629; &#x625;&#x644;&#x649; &#x627;&#x644;&#x639;&#x644;&#x627;&#x62C; &#x627;&#x644;&#x637;&#x628;&#x64A;. &#x627;&#x644;&#x645;&#x62C;&#x645;&#x648;&#x639;&#x629; (&#x628;): &#x62A;&#x644;&#x642;&#x649; &#x62E;&#x645;&#x633;&#x629; &#x639;&#x634;&#x631; &#x645;&#x631;&#x64A;&#x636;&#x64B;&#x627; &#x645;&#x62C;&#x627;&#x644;&#x64B;&#x627; &#x643;&#x647;&#x631;&#x648;&#x645;&#x63A;&#x646;&#x627;&#x637;&#x64A;&#x633;&#x64A; &#x646;&#x628;&#x636;&#x64A;&#x648;&#x628;&#x631;&#x646;&#x627;&#x645;&#x62C;&#x64B;&#x627; &#x644;&#x644;&#x639;&#x644;&#x627;&#x62C; &#x627;&#x644;&#x637;&#x628;&#x64A;&#x639;&#x64A; &#x627;&#x644;&#x62A;&#x642;&#x644;&#x64A;&#x62F;&#x64A; (&#x627;&#x644;&#x62A;&#x62C;&#x628;&#x64A;&#x631; &#x648;&#x62A;&#x645;&#x627;&#x631;&#x64A;&#x646; &#x627;&#x644;&#x62A;&#x645;&#x62F;&#x62F; &#x648;&#x627;&#x644;&#x62A;&#x642;&#x648;&#x64A;&#x629; &#x648;&#x646;&#x637;&#x627;&#x642; &#x627;&#x644;&#x62D;&#x631;&#x643;&#x629;) &#x639;&#x644;&#x649; &#x627;&#x644;&#x639;&#x636;&#x644;&#x629; &#x627;&#x644;&#x631;&#x628;&#x627;&#x639;&#x64A;&#x629; &#x627;&#x644;&#x631;&#x624;&#x648;&#x633; (3 &#x645;&#x631;&#x627;&#x62A; &#x641;&#x64A; &#x627;&#x644;&#x623;&#x633;&#x628;&#x648;&#x639; &#x644;&#x645;&#x62F;&#x629; 6 &#x623;&#x633;&#x627;&#x628;&#x64A;&#x639;) &#x628;&#x627;&#x644;&#x625;&#x636;&#x627;&#x641;&#x629; &#x625;&#x644;&#x649; &#x627;&#x644;&#x639;&#x644;&#x627;&#x62C; &#x627;&#x644;&#x637;&#x628;&#x64A;. &#x62A;&#x645; &#x627;&#x633;&#x62A;&#x62E;&#x62F;&#x627;&#x645; &#x645;&#x642;&#x64A;&#x627;&#x633; &#x627;&#x644;&#x642;&#x648;&#x629; &#x627;&#x644;&#x645;&#x62D;&#x645;&#x648;&#x644; &#x628;&#x627;&#x644;&#x64A;&#x62F; &#x644;&#x62A;&#x642;&#x64A;&#x64A;&#x645; &#x642;&#x648;&#x629; &#x627;&#x644;&#x639;&#x636;&#x644;&#x629; &#x627;&#x644;&#x631;&#x628;&#x627;&#x639;&#x64A;&#x629; &#x627;&#x644;&#x631;&#x624;&#x648;&#x633;. &#x627;&#x644;&#x646;&#x62A;&#x627;&#x626;&#x62C;: &#x643;&#x627;&#x646; &#x645;&#x62A;&#x648;&#x633;&#x637; &#x642;&#x64A;&#x645;&#x629; &#xB1; &#x627;&#x644;&#x627;&#x646;&#x62D;&#x631;&#x627;&#x641; &#x627;&#x644;&#x645;&#x639;&#x64A;&#x627;&#x631;&#x64A; &#x644;&#x642;&#x648;&#x629; &#x627;&#x644;&#x639;&#x636;&#x644;&#x629; &#x627;&#x644;&#x631;&#x628;&#x627;&#x639;&#x64A;&#x629; &#x627;&#x644;&#x631;&#x624;&#x648;&#x633; &#x628;&#x639;&#x62F; &#x627;&#x644;&#x639;&#x644;&#x627;&#x62C; &#x644;&#x644;&#x645;&#x62C;&#x645;&#x648;&#x639;&#x629; (&#x623;) 23.2 &#xB1; 5.6 &#x648;&#x643;&#x627;&#x646; &#x644;&#x644;&#x645;&#x62C;&#x645;&#x648;&#x639;&#x629; (&#x628;) 29.6 &#xB1; 4.4 &#x646;&#x64A;&#x648;&#x62A;&#x646;. &#x643;&#x627;&#x646; &#x647;&#x646;&#x627;&#x643; &#x641;&#x631;&#x642; &#x643;&#x628;&#x64A;&#x631; &#x641;&#x64A; &#x645;&#x62A;&#x648;&#x633;&#x637; &#x642;&#x64A;&#x645;&#x629; &#x642;&#x648;&#x629; &#x627;&#x644;&#x639;&#x636;&#x644;&#x629; &#x627;&#x644;&#x631;&#x628;&#x627;&#x639;&#x64A;&#x629; &#x628;&#x64A;&#x646; &#x627;&#x644;&#x645;&#x62C;&#x645;&#x648;&#x639;&#x62A;&#x64A;&#x646; &#x628;&#x639;&#x62F; &#x627;&#x644;&#x639;&#x644;&#x627;&#x62C; (&#x635;= 0.002). &#x627;&#x644;&#x627;&#x633;&#x62A;&#x646;&#x62A;&#x627;&#x62C;: &#x627;&#x633;&#x62A;&#x646;&#x62A;&#x62C; &#x623;&#x646; &#x627;&#x644;&#x645;&#x62C;&#x627;&#x644; &#x627;&#x644;&#x643;&#x647;&#x631;&#x648;&#x645;&#x63A;&#x646;&#x627;&#x637;&#x64A;&#x633;&#x64A; &#x627;&#x644;&#x646;&#x628;&#x636;&#x64A;&#x60C;&#x643;&#x627;&#x646; &#x623;&#x643;&#x62B;&#x631; &#x641;&#x639;&#x627;&#x644;&#x64A;&#x629; &#x627;&#x647;&#x62A;&#x632;&#x627;&#x632; &#x627;&#x644;&#x62C;&#x633;&#x645; &#x628;&#x627;&#x644;&#x643;&#x627;&#x645;&#x644; &#x639;&#x644;&#x649; &#x642;&#x648;&#x629; &#x627;&#x644;&#x639;&#x636;&#x644;&#x629; &#x627;&#x644;&#x631;&#x628;&#x627;&#x639;&#x64A;&#x629; &#x628;&#x639;&#x62F; &#x627;&#x644;&#x62D;&#x631;&#x648;&#x642; &#x627;&#x644;&#x645;&#x632;&#x645;&#x646;&#x629;.</subfield>
  </datafield>
  <datafield tag="530" ind1=" " ind2=" ">
    <subfield code="a">Issues also as CD.</subfield>
  </datafield>
  <datafield tag="546" ind1=" " ind2=" ">
    <subfield code="a">Text in English and abstract in Arabic &amp; English.</subfield>
  </datafield>
  <datafield tag="650" ind1=" " ind2="0">
    <subfield code="a">Physical Therapy</subfield>
  </datafield>
  <datafield tag="650" ind1=" " ind2="0">
    <subfield code="a">&#x627;&#x644;&#x639;&#x644;&#x627;&#x62C; &#x627;&#x644;&#x637;&#x628;&#x64A;&#x639;&#x64A; </subfield>
  </datafield>
  <datafield tag="653" ind1=" " ind2="1">
    <subfield code="a">Burn</subfield>
    <subfield code="a">pulsed electromagnetic field</subfield>
    <subfield code="a">whole-body vibration</subfield>
    <subfield code="a">&#x627;&#x644;&#x639;&#x644;&#x627;&#x62C; &#x627;&#x644;&#x643;&#x647;&#x631;&#x648;&#x645;&#x63A;&#x646;&#x627;&#x637;&#x64A;&#x633;&#x64A; &#x627;&#x644;&#x646;&#x628;&#x636;&#x64A;</subfield>
    <subfield code="a">&#x627;&#x647;&#x62A;&#x632;&#x627;&#x632; &#x627;&#x644;&#x62C;&#x633;&#x645; &#x628;&#x627;&#x644;&#x643;&#x627;&#x645;&#x644;</subfield>
  </datafield>
  <datafield tag="700" ind1="0" ind2=" ">
    <subfield code="a">Hesham Galal Mahran El Sayed</subfield>
    <subfield code="e">thesis advisor.</subfield>
  </datafield>
  <datafield tag="700" ind1="0" ind2=" ">
    <subfield code="a">Ahmed Kamaleldin Mohamed ElTaher</subfield>
    <subfield code="e">thesis advisor.</subfield>
  </datafield>
  <datafield tag="700" ind1="0" ind2=" ">
    <subfield code="a">Aya Gamal Fawzy Elsayed</subfield>
    <subfield code="e">thesis advisor.</subfield>
  </datafield>
  <datafield tag="900" ind1=" " ind2=" ">
    <subfield code="b">01-01-2025</subfield>
    <subfield code="c">Hesham Galal Mahran El Sayed</subfield>
    <subfield code="c">Ahmed Kamaleldin Mohamed ElTaher</subfield>
    <subfield code="c">Aya Gamal Fawzy Elsayed</subfield>
    <subfield code="U">Cairo University</subfield>
    <subfield code="F">Faculty of Physical Therapy</subfield>
    <subfield code="D">Department of Physical Therapy for Surgery  </subfield>
  </datafield>
  <datafield tag="905" ind1=" " ind2=" ">
    <subfield code="a">Shimaa</subfield>
    <subfield code="e">Eman Ghareb</subfield>
  </datafield>
  <datafield tag="942" ind1=" " ind2=" ">
    <subfield code="2">ddc</subfield>
    <subfield code="c">TH</subfield>
    <subfield code="e">21</subfield>
    <subfield code="n">0</subfield>
  </datafield>
  <datafield tag="999" ind1=" " ind2=" ">
    <subfield code="c">178068</subfield>
  </datafield>
  <datafield tag="952" ind1=" " ind2=" ">
    <subfield code="2">ddc</subfield>
    <subfield code="9">314259</subfield>
    <subfield code="a">CUCL</subfield>
    <subfield code="b">cl210</subfield>
    <subfield code="d">2026-01-27</subfield>
    <subfield code="i">93252</subfield>
    <subfield code="o">Cai01.21.07.M.Sc.2025.Ay.P</subfield>
    <subfield code="p">01010110093252000</subfield>
    <subfield code="r">2026-01-27 19:43:20</subfield>
    <subfield code="w">2026-01-27</subfield>
    <subfield code="y">TH</subfield>
  </datafield>
</record>
